000 00771nam a22002177a 4500
999 _c178757
_d178757
005 20210412173646.0
010 _aB-739784
020 _a9788120835559
_c750.00
035 _aB-739784
037 _bGift
082 0 0 _a491.25
245 _aIndian grammars:
_bphilology and history /
_cedited by George Cardona [and] Madhav M. Deshpande
260 _aDelhi
_bMotilal Banarsidass
_c2012
270 _a41 U.A. Bungalow Road, Jawahar Nagar
_bDelhi
_e110007
300 _axiii, 268p.:
_c22cm(Hb)
_bphotos
505 _aPapers of the 12th world Sanskrit conference vol. 4
700 _aCardona, George
700 _aDeshpande, Madhav M.
942 _2ddc
_cEN
_h491.25
_mIND